[Event "TUR Cup"]
[Site "Antalya"]
[Date "2019.01.30"]
[Round "5"]
[White "Eldemir, Goksu"]
[Black "Cakmak, Sarven"]
[Result "1-0"]
[WhiteElo "1876"]
[BlackElo "1780"]
[PlyCount "93"]
[EventDate "2019.01.27"]
[EventType "swiss"]
[EventRounds "11"]
[EventCountry "TUR"]
[SourceTitle "CBM 188 Extra"]
[Source "ChessBase"]
[SourceDate "2019.02.26"]
[SourceVersion "1"]
[SourceVersionDate "2019.02.26"]
[SourceQuality "1"]

1. e4 Nc6 2. Nc3 e5 3. g3 Nf6 4. Bg2 Bc5 5. Nge2 a6 6. 0-0 d6 7. Nd5 Bg4 8. c3 Qd7 9. d3 Nxd5 10. exd5 Ne7 11. b4 Ba7 12. Be3 0-0 13. Qd2 Bh3 14. c4 Bxg2 15. Kxg2 c6 16. dxc6 Qxc6+ 17. Kg1 d5 18. Bxa7 Rxa7 19. Qe3 Nc8 20. Qxe5 Re8 21. Qb2 dxc4 22. dxc4 Qxc4 23. Rac1 Qg4 24. Nf4 Ra8 25. Qd4 Na7 26. Qb6 Qf3 27. Rc7 Nb5 28. Qxb7 Qxb7 29. Rxb7 Nc3 30. a3 h6 31. Kg2 Reb8 32. Rxb8+ Rxb8 33. Rc1 Ne4 34. Rc6 a5 35. bxa5 Ra8 36. a6 Nf6 37. Nd3 Kf8 38. Nb4 Nd7 39. Nd5 g6 40. Rc7 Rxa6 41. Rxd7 Rxa3 42. Ne3 h5 43. h3 Rb3 44. Nc4 Ke8 45. Ra7 f5 46. Rg7 h4 47. Rxg6 1-0

[Event "TUR-chT 1st League"]
[Site "Konya"]
[Date "2018.07.20"]
[Round "7.4"]
[White "Nalbant, Tuna Onat"]
[Black "Eldemir, Goksu"]
[Result "1-0"]
[WhiteElo "2340"]
[BlackElo "1907"]
[PlyCount "77"]
[EventDate "2018.07.16"]
[EventType "team-swiss"]
[EventRounds "9"]
[EventCountry "TUR"]
[SourceTitle "EXT 2019"]
[Source "ChessBase"]
[SourceDate "2018.10.10"]
[SourceVersion "1"]
[SourceVersionDate "2018.10.10"]
[SourceQuality "1"]
[WhiteTeam "Manisa Turkuaz"]
[BlackTeam "Burdurspor Dernegi"]
[WhiteTeamCountry "TUR"]
[BlackTeamCountry "TUR"]

1. e4 c5 2. Nf3 d6 3. d4 cxd4 4. Nxd4 Nf6 5. Nc3 a6 6. Bg5 e6 7. f4 Qc7 8. Qf3 b5 9. 0-0-0 Nbd7 10. Bd3 Be7 11. Rhe1 h6 12. Bxf6 Nxf6 13. e5 Bb7 14. Qg3 Nh5 15. Nxe6 fxe6 16. Qg6+ Kf8 17. Qxh5 b4 18. Ne4 d5 19. Nd6 Bxd6 20. exd6 Qxd6 21. Qg6 h5 22. Qxe6 Rh6 23. Qf5+ Kg8 24. Qg5 Rf8 25. Re7 Rf7 26. Rxf7 Kxf7 27. Bc4 Rg6 28. Qf5+ Kg8 29. Bxd5+ Bxd5 30. Rxd5 Qb6 31. Qxh5 Qg1+ 32. Rd1 Qxg2 33. Kb1 Rh6 34. Qf5 Qa8 35. Qg5 Qf3 36. Rg1 Rh7 37. Qd8+ Kf7 38. Qd7+ Kf6 39. Qd6+ 1-0

[Event "TUR-chT 1st League"]
[Site "Konya"]
[Date "2017.07.21"]
[Round "7.6"]
[White "Karaahmetoglu, Ege"]
[Black "Eldemir, Goksu"]
[Result "1/2-1/2"]
[WhiteElo "2034"]
[BlackElo "1862"]
[PlyCount "82"]
[EventDate "2017.07.17"]
[EventType "team-swiss"]
[EventRounds "9"]
[EventCountry "TUR"]
[SourceTitle "CBM 179 Extra"]
[Source "ChessBase"]
[SourceDate "2017.08.23"]
[SourceVersion "1"]
[SourceVersionDate "2017.08.23"]
[SourceQuality "1"]
[WhiteTeam "Ankara Dernegi"]
[BlackTeam "Callica Burdur"]
[WhiteTeamCountry "TUR"]
[BlackTeamCountry "TUR"]

1. e4 c5 2. Nf3 d6 3. d4 cxd4 4. Qxd4 Nc6 5. Bb5 Qa5+ 6. Nc3 Qxb5 7. Nxb5 Nxd4 8. Nfxd4 Kd8 9. c4 Nf6 10. f3 a6 11. Nc3 e6 12. Be3 Be7 13. 0-0-0 Bd7 14. b3 b5 15. cxb5 axb5 16. e5 Nd5 17. Nxd5 exd5 18. exd6 Bxd6 19. Kb1 Kc7 20. g3 Kb7 21. Rhe1 Rhe8 22. Bc1 h5 23. Bb2 g6 24. f4 Bc5 25. Rc1 Rxe1 26. Rxe1 Bxd4 27. Bxd4 Re8 28. Rxe8 Bxe8 29. Kc2 Bd7 30. Kc3 Kc6 31. a4 bxa4 32. bxa4 Bc8 33. Bf6 Kc5 34. Be7+ Kb6 35. Kd4 Ka5 36. Kxd5 Kxa4 37. Ke5 Kb5 38. Kf6 Be6 39. f5 Bxf5 40. Kxf7 Kc4 41. Kf6 Kd5 1/2-1/2

[Event "TUR-chT 1st League"]
[Site "Konya"]
[Date "2017.07.18"]
[Round "2.7"]
[White "Eldemir, Goksu"]
[Black "Yerden, Huseyin Eren"]
[Result "1/2-1/2"]
[WhiteElo "1862"]
[BlackElo "1904"]
[PlyCount "88"]
[EventDate "2017.07.17"]
[EventType "team-swiss"]
[EventRounds "9"]
[EventCountry "TUR"]
[SourceTitle "CBM 179 Extra"]
[Source "ChessBase"]
[SourceDate "2017.08.23"]
[SourceVersion "1"]
[SourceVersionDate "2017.08.23"]
[SourceQuality "1"]
[WhiteTeam "Callica Burdur"]
[BlackTeam "Kahramanmaras CC"]
[WhiteTeamCountry "TUR"]
[BlackTeamCountry "TUR"]

1. e4 c5 2. Nf3 d6 3. Bb5+ Nd7 4. c3 Ngf6 5. Qe2 a6 6. Ba4 b5 7. Bc2 Bb7 8. 0-0 e5 9. d3 Be7 10. Nbd2 0-0 11. Re1 Qb6 12. Nf1 Rfe8 13. Ne3 Bf8 14. Bb3 h6 15. c4 Rad8 16. Bd2 Nb8 17. Nd5 Nxd5 18. cxd5 Bc8 19. a4 b4 20. Nh4 g6 21. Qe3 Bg7 22. Bd1 Nd7 23. Bg4 Nf6 24. Bxc8 Rxc8 25. b3 Qd8 26. g3 Qd7 27. Kg2 Rf8 28. h3 Rce8 29. g4 Kh7 30. f4 exf4 31. Qxf4 Ng8 32. Rad1 Ne7 33. Qf3 Qd8 34. g5 h5 35. Rf1 Ng8 36. Qg3 Be5 37. Bf4 Bxf4 38. Rxf4 Qe7 39. Rdf1 Kg7 40. Rf6 Rd8 41. Qf3 Qe8 42. Rf4 Qe7 43. Rf6 Qe8 44. Rf4 Qe7 1/2-1/2

[Event "TUR-chT2"]
[Site "Konya"]
[Date "2016.07.19"]
[Round "4.4"]
[White "Samani, Yamac"]
[Black "Eldemir, Goksu"]
[Result "1/2-1/2"]
[WhiteElo "2083"]
[BlackElo "1849"]
[PlyCount "35"]
[EventDate "2016.07.17"]
[EventType "team-swiss"]
[EventRounds "9"]
[EventCountry "TUR"]
[SourceTitle "CBM 173 Extra"]
[Source "ChessBase"]
[SourceDate "2016.08.29"]
[SourceVersion "1"]
[SourceVersionDate "2016.08.29"]
[SourceQuality "1"]
[WhiteTeam "Bitlis Tatvan Egitimi"]
[BlackTeam "Burdur Callica"]
[WhiteTeamCountry "TUR"]
[BlackTeamCountry "TUR"]

1. e4 c5 2. Ne2 d6 3. g3 g6 4. Bg2 Bg7 5. c3 e5 6. d4 Ne7 7. 0-0 0-0 8. Be3 Qc7 9. a4 b6 10. Na3 a6 11. f4 Bg4 12. fxe5 dxe5 13. d5 Nc8 14. h3 Bd7 15. b4 c4 16. a5 bxa5 17. Bc5 axb4 18. Bxf8 1/2-1/2

[Event "Skopje Karposh op"]
[Site "Skopje"]
[Date "2015.04.03"]
[Round "9"]
[White "Eldemir, Goksu"]
[Black "Sinik, Yagmur"]
[Result "1-0"]
[WhiteElo "1919"]
[BlackElo "1474"]
[PlyCount "119"]
[EventDate "2015.03.27"]
[EventType "swiss"]
[EventRounds "9"]
[EventCountry "MKD"]
[SourceTitle "CBM 165 Extra"]
[Source "ChessBase"]
[SourceDate "2015.04.21"]
[SourceVersion "1"]
[SourceVersionDate "2015.04.21"]
[SourceQuality "1"]

1. e4 e6 2. d4 d5 3. Nd2 c5 4. exd5 exd5 5. Bb5+ Bd7 6. Qe2+ Qe7 7. Qxe7+ Bxe7 8. Bxd7+ Nxd7 9. dxc5 Bxc5 10. Ngf3 Ngf6 11. 0-0 0-0 12. Nb3 Bb6 13. Nbd4 Rfe8 14. Bd2 Ne4 15. Be3 a6 16. Rad1 Ndf6 17. Nf5 Bxe3 18. Nxe3 Rad8 19. Rd4 Nc5 20. Rfd1 Re4 21. Nxd5 Rxd5 22. Rxd5 Nxd5 23. Rxd5 Ne6 24. Kf1 Ra4 25. a3 Rc4 26. c3 Rc5 27. Rxc5 Nxc5 28. Ke2 Na4 29. b3 Nxc3+ 30. Kd3 Nb5 31. a4 Nc7 32. Kd4 Ne6+ 33. Kd5 Kf8 34. Kd6 Ke8 35. g3 h6 36. b4 Kd8 37. Ne5 Ke8 38. Nc4 Kd8 39. Na5 b6 40. Nc4 b5 41. axb5 axb5 42. Na3 Nc7 43. Kc5 Ke7 44. Nxb5 Na6+ 45. Kc4 Kd7 46. Nd4 Kc7 47. Nf5 g6 48. Nxh6 Kb6 49. Nxf7 Nc7 50. Ne5 g5 51. h4 Ne6 52. h5 Nf8 53. h6 Nh7 54. b5 Kb7 55. Kc5 Kc7 56. b6+ Kb8 57. Kc6 Kc8 58. b7+ Kb8 59. Kb6 Nf8 60. Nc6# 1-0

[Event "Skopje Karposh op"]
[Site "Skopje"]
[Date "2015.03.30"]
[Round "5"]
[White "Eldemir, Goksu"]
[Black "Veleski, Robert"]
[Result "0-1"]
[WhiteElo "1919"]
[BlackElo "2279"]
[PlyCount "70"]
[EventDate "2015.03.27"]
[EventType "swiss"]
[EventRounds "9"]
[EventCountry "MKD"]
[SourceTitle "CBM 165 Extra"]
[Source "ChessBase"]
[SourceDate "2015.04.21"]
[SourceVersion "1"]
[SourceVersionDate "2015.04.21"]
[SourceQuality "1"]

1. e4 e5 2. Nf3 Nc6 3. Bb5 a6 4. Ba4 Nf6 5. 0-0 Be7 6. Re1 b5 7. Bb3 d6 8. c3 0-0 9. h3 Bb7 10. Bc2 d5 11. d3 dxe4 12. dxe4 Qxd1 13. Rxd1 Rfd8 14. Nbd2 Nd7 15. Nf1 Nc5 16. Be3 Na4 17. Bxa4 bxa4 18. Ng3 f6 19. Kf1 Na5 20. Nd2 Bc6 21. Ke1 Bb5 22. b4 Nc4 23. Nxc4 Bxc4 24. a3 g6 25. Nf1 f5 26. f3 fxe4 27. fxe4 Rf8 28. Nh2 Bh4+ 29. Kd2 Bb3 30. Rf1 Rfd8+ 31. Kc1 Rd3 32. Bd2 Rad8 33. Nf3 Bg3 34. Rb1 Bf4 35. Rb2 Rxc3+ 0-1

[Event "TUR-ch"]
[Site "Antalya"]
[Date "2013.02.03"]
[Round "3"]
[White "Demircin, Kasim"]
[Black "Eldemir, Goksu"]
[Result "1/2-1/2"]
[WhiteElo "1844"]
[BlackElo "1631"]
[PlyCount "120"]
[EventDate "2013.02.02"]
[EventType "swiss"]
[EventRounds "11"]
[EventCountry "TUR"]
[SourceTitle "CBM 152 Extra"]
[Source "ChessBase"]
[SourceDate "2013.02.25"]
[SourceVersion "1"]
[SourceVersionDate "2013.02.25"]
[SourceQuality "1"]

1. d4 Nf6 2. Nf3 d6 3. g3 g6 4. Bg2 Bg7 5. 0-0 0-0 6. Re1 Nbd7 7. c3 e5 8. dxe5 dxe5 9. Qc2 c6 10. e4 Qc7 11. a4 Re8 12. h3 Nf8 13. a5 h6 14. Be3 Be6 15. Nbd2 g5 16. b4 Ng6 17. Nf1 Bc4 18. N3d2 Be6 19. Nb3 b6 20. Red1 Rab8 21. Nfd2 Bf8 22. axb6 axb6 23. Ra6 c5 24. bxc5 bxc5 25. Rda1 Rec8 26. Bf1 Nd7 27. Bc4 Bxc4 28. Nxc4 Nb6 29. Qd3 Kg7 30. R1a5 Rd8 31. Qe2 Nxc4 32. Qxc4 Qd7 33. Kg2 Qd3 34. Nd2 Rb2 35. Ra7 Nh8 36. Qxd3 Rxd3 37. Nc4 Rc2 38. Kf3 Ng6 39. R5a6 Rdxc3 40. Rxg6+ Kxg6 41. Nxe5+ Kf6 42. Nxf7 Bg7 43. h4 gxh4 44. gxh4 Rb2 45. Nd8 Rd2 46. Nc6 Bf8 47. Kf4 Rd1 48. Ra8 Bg7 49. e5+ Ke6 50. Re8+ Kd7 51. Rd8+ Kxc6 52. Rxd1 Rc4+ 53. Kf5 Rxh4 54. e6 Bf8 55. Rd8 Bd6 56. Kf6 Re4 57. Rd7 h5 58. Ra7 h4 59. Kf5 Re5+ 60. Kf6 Re4 1/2-1/2

[Event "EU-ch U12"]
[Site "Albena"]
[Date "2011.09.11"]
[Round "1"]
[White "Sarana, Alexey"]
[Black "Eldemir, Goksu"]
[Result "1-0"]
[WhiteElo "1938"]
[BlackElo "1640"]
[PlyCount "45"]
[EventDate "2011.09.11"]
[EventType "swiss"]
[EventRounds "9"]
[EventCountry "BUL"]
[SourceTitle "CBM 144 Extra"]
[Source "ChessBase"]
[SourceDate "2011.10.28"]
[SourceVersion "1"]
[SourceVersionDate "2011.10.28"]
[SourceQuality "1"]

1. e4 c5 2. Nf3 d6 3. d4 cxd4 4. Nxd4 Nf6 5. Nc3 g6 6. Be3 a6 7. Be2 Nbd7 8. 0-0 Bg7 9. Qd2 0-0 10. a4 Qc7 11. Bh6 b6 12. Qg5 e6 13. Bxg7 Kxg7 14. Rad1 Bb7 15. Bf3 Ne5 16. Rfe1 Rad8 17. h4 Qc5 18. Be2 Nxe4 19. Qe7 Qc8 20. Nxe4 Bxe4 21. Bxa6 Rfe8 22. Qxe8 Qa8 23. Qe7 1-0